ბათუმის შოთა რუსთაველის სახელმწიფო უნივერსიტეტის ბიბლიოთეკა

Спортивные игры и методика преподавания (ბიბ.ჩანაწერი № 35218)

000 -LEADER
fixed length control field 00722nam a2200229Ia 4500
001 - CONTROL NUMBER
control field 1064
003 - CONTROL NUMBER IDENTIFIER
control field GE_BSU
008 - FIXED-LENGTH DATA ELEMENTS--GENERAL INFORMATION
fixed length control field 181216s||||||||xx |||||||||||||| ||und||
040 ## - CATALOGING SOURCE
Transcribing agency GE_BSU
080 ## - UNIVERSAL DECIMAL CLASSIFICATION NUMBER
Universal Decimal Classification number 796(075.8)
100 ## - MAIN ENTRY--PERSONAL NAME
Personal name Под общ.ред.Ю.И.Портных
245 ## - TITLE STATEMENT
Title Спортивные игры и методика преподавания
245 ## - TITLE STATEMENT
Remainder of title уч-е пособие для студ физич. культуры
250 ## - EDITION STATEMENT
Edition statement 2-е допол.
260 ## - PUBLICATION, DISTRIBUTION, ETC.
Place of publication, distribution, etc. Москва
260 ## - PUBLICATION, DISTRIBUTION, ETC.
Name of publisher, distributor, etc. Физкультура и спорт
260 ## - PUBLICATION, DISTRIBUTION, ETC.
Date of publication, distribution, etc. 1986
300 ## - PHYSICAL DESCRIPTION
Extent 320стр.
653 ## - INDEX TERM--UNCONTROLLED
Uncontrolled term Спортивные игры и методика преподавания
942 ## - ADDED ENTRY ELEMENTS (KOHA)
Koha item type წიგნი
ეგზემპლარები
Withdrawn status Lost status Damaged status Not for loan Date acquired Barcode Date last seen Price effective from Koha item type
        2018-12-17 1117 2018-12-17 2018-12-17 წიგნი